It looks like you're offline.
Open Library logo
additional options menu

MARC record from Internet Archive

LEADER: 01949nam a2200445Ia 4500
001 ocn243867060
003 OCoLC
005 20090105112009.0
008 080815s1768 pau 000 0 eng d
035 $a(OCoLC)243867060
040 $aMWA$ebdrb$cRIBRL$dOCLCG$dRIBRL
043 $ae-uk---$an------$an-us---
049 $aRIBR
079 $aocn207694255
092 $aD768$a.D553L2
100 1 $aDickinson, John,$d1732-1808.
245 10 $aLetters from a farmer in Pennsylvania, to the inhabitants of the British colonies.
250 $aThe second edition.
260 $aPhiladelphia :$bPrinted by David Hall, and William Sellers,$cMDCCLXVIII. [1768]
300 $a71, [1] p. ;$c20 cm. (8vo)
500 $aAttributed to John Dickinson by the Dictionary of American biography.
500 $aThe letters were originally published in the Pennsylvania chronicle, December 2, 1767-February 15, 1768. Cf. Adams.
500 $aFirst collection of all twelve letters printed in Philadelphia: David Hall and William Sellers, 1768.
500 $aSignatures: A-I⁴ (A1, I4 versos blank)
500 $aEngraved printer's ornament on title page.
510 4 $aEvans$c10879.
510 4 $aSabin$c20044.
510 4 $aHildeburn, C.R. Pennsylvania,$c2354.
510 4 $aAdams, T.R. Amer. pamphlets,$c54b.
510 4 $aEnglish short title catalogue$cW31741.
590 $aJohn Carter Brown Library copy disbound and trimmed closely on all sides with no loss of text.
651 0 $aUnited States$xPolitics and government$yTo 1775.
651 0 $aGreat Britain$xColonies$zAmerica.
653 $aImprint 1768.
752 $aUnited States$bPennsylvania$dPhiladelphia.
907 $a.b4499039x$b04-08-16$c08-15-08
998 $aj0001$b08-15-08$cm$da $e-$feng$gpau$h0$i0
910 $aBackstage
998 $aj0001$b08-15-08$cm$da$e-$feng$gpau$h0$i0
945 $aD768$b.D553L2$g1$j0$ljcb $o $p$0.00$q $r $so $t0$u0$v0$w0$x0$y.i147262550$z08-15-08